000 00759nam a2200265 a 4500
003 AR-BaBNM
005 20251128203218.0
008 082120s2002 ||||||||||||||000 | spa||
040 _cAR-BaBNM
100 1 _aPromis, José
245 0 0 _aLa novela chilena actual
_borígenes y desarrollo
260 _aBuenos Aires
_bFernando García Cambeiro
_c1977
300 _a188 p.
490 0 _aEstudios latinoamericanos
_vv. 25
500 _aContiene referencias bibliográficas en p. 185
650 4 _aLITERATURA CHILENA
650 4 _aCRITICA LITERARIA
650 4 _aLITERATURA LATINOAMERICANA
650 4 _aHISTORIA LITERARIA
650 4 _aESCRITORES
655 _aLITERATURA
800 1 _aMaturo, Graciela
_edirector
942 _cBK
998 _cMARTIN
999 _c2412
_d2412